000 00410nam a2200145 a 4500
005 20140412111238.0
008 110121s19uu xx 00 eng d
020 _a9710808184
050 _aTR(GS 652
_bDa111 1972
245 _aSpeedball textbook :
_bfor pen and brush lettering.
260 _aUSA :
_bHunt MAnufacturing, Co,
_c1972.
300 _a96 p.
650 _aLettering-
_xcalligraphy.
999 _c102581
_d102581